John Cena Filmography - Statistics

General Stats
  • This quiz has been taken 223 times
    72 since last reset
  • The average score is 16 of 127
Answer Stats
Type Year Name % Correct
Web Series 2022-Present Peacemaker
66%
Film 2006 The Marine
61%
Film 2021 The Suicide Squad
54%
TV Show 2001-Present WWE Smackdown!
49%
Film 2009 12 Rounds
46%
Film 2023 Fast X
44%
TV Film 2010 FЯED: THE MOVIE
44%
TV Show 2012 FЯED: THE SHOW
44%
TV Show 2004-Present WWE Raw
44%
Film 2018 Blockers
41%
Film 2018 Bumblebee
37%
Film 2015 Daddy's Home
32%
Film 2017 Ferdinand
32%
Film 2024 Ricky Stanicky
32%
Film 2017 Daddy's Home 2
29%
Film 2021 F9: The Fast Saga
29%
TV Show 2009, 2016, 2021 Saturday Night Live
29%
Film 2025 Superman
29%
Film 2010 Legendary
27%
Film 2019 Playing with Fire
27%
Film 2015 Trainwreck
27%
TV Film 2011 Fred 2: Night of the Living Fred
24%
Film 2015 Sisters
24%
TV Show 2012-2015 WWE Main Event
24%
TV Show 2010-2023 WWE NXT
24%
Film 2023 Barbie
22%
Film 2000 Ready to Rumble
22%
Film 2011 The Reunion
22%
Film 2021 Vacation Friends
22%
Film 2023 Vacation Friends 2
22%
TV Film 2012 Fred 3: Camp Fred
20%
Film 2014 Scooby-Doo! WrestleMania
20%
TV Show 2009 WWE Superstars
20%
TV Show 2010 Hannah Montana
17%
Film 2016 Surf's Up 2: WaveMania
17%
TV Show 2024 The Simpsons
17%
Award Show 2016 2016 ESPY Awards
15%
Film 2020 Dolittle
15%
Film 2023 Freelance
15%
Film 2025 Heads of State
15%
Award Show 2017 Nickelodeon Kids' Choice Awards 2017
15%
Award Show 2018 Nickelodeon Kids' Choice Awards 2018
15%
Film 2015 The Flintstones & WWE: Stone Age SmackDown!
15%
TV Show 2013-2018 Total Divas
15%
Film 2024 Argylle
12%
Film 2024 Jackpot!
12%
Film 2023 Teenage Mutant Ninja Turtles: Mutant Mayhem
12%
Film 2017 The Wall
12%
TV Show 2016-2017 Total Bellas
12%
TV Show 2017 American Grit
10%
TV Show 2019 Are You Smarter than a 5th Grader?
10%
Film 2023 Hidden Strike
10%
TV Show 2001 Manhunt
10%
Film TBA Matchbox
10%
Video Game 2023 Mortal Kombat 1
10%
TV Show 2010 Psych
10%
TV Film 2017 Psych: The Movie
10%
Film 2022 The Bubble
10%
Film 2022 The Independent
10%
TV Show 2021-2023 Wipeout
10%
Film TBA Coyote v. Acme
7%
Web Series 2023 Die Hart
7%
TV Show 2007 Fast Cars and Superstars: The Gillette Young Guns Celebrity Race
7%
TV Show 2010 Generator Rex
7%
TV Show 2015 Legendários
7%
Film TBA Little Brother
7%
Video Game 2016 Marvel Avengers Academy
7%
TV Show 2015 Parks and Recreation
7%
TV Show 2007 Punk'd
7%
TV Show 2006-2008, 2025 Saturday Night's Main Event
7%
Web Series 2024 The Bear
7%
TV Film 2017 Tour de Pharmacy
7%
TV Show 2010 True Jackson, VP
7%
TV Show 2006 WWE Sunday Night Heat
7%
Video Game 2015 Brawlhalla
5%
Web Series 2018 Dallas & Robo
5%
Commercial 2009 Gilette Fusion
5%
Commercial 2016-2021 Hefty Ultra Strong
5%
TV Show 2020 Last Week Tonight with John Oliver
5%
TV Show 2018-2019 Rise of the Teenage Mutant Ninja Turtles
5%
Web Series 2017 Southpaw Regional Wrestling
5%
Award Show 2016 Teen Choice Awards 2016
5%
TV Show 2016 The Edge & Christian Show
5%
TV Show 2020 The Eric Andre Show
5%
TV Show 2019 The Substitute
5%
Documentary 2007 WWE: John Cena - My Life
5%
Podcast 2019 64th Man
2%
Documentary 2024 Bray Wyatt: Becoming Immortal
2%
Documentary 2010 Breaking the Code: Behind the Walls of Chris Jericho
2%
Film 2024 Die Hart 2: Die Harter
2%
TV Show 2006, 2007 ECW on Sci-Fi
2%
Commercial 2020-Present Experian Boost
2%
Web Series 2016 John Cena's Dream Job
2%
Documentary Series 2024 Mr. McMahon
2%
Commercial 2004 Stacker 2 YJ Stinger Extreme Energy Drink
2%
Commercial 2007 Subway
2%
Documentary TBA Supercar Saints
2%
Film TBA The Janson Directive
2%
Web Series 2022 WWE Evil
2%
Documentary Series 2022, 2024 WWE Rivals
2%
TV Special 2020 WWE Survivor Series
2%
TV Show 2016 American Idol
0%
Commercial 2004 Bad Boy Furniture
0%
Documentary Series 2022-2024 Biography: WWE Legends
0%
TV Show 2017 Carpool Karaoke
0%
Short Film 2019 Dolittle - Auditions
0%
Commercial 2006 Emerald Downs Thoroughbred Racetrack
0%
Documentary 2009 Jeff Hardy: My Life, My Rules
0%
Documentary 2020 John Cena: Champion of the Ring
0%
Documentary 2014 John Cena: Greatest Rivalries
0%
TV Special 2020 John Cena's Best WrestleMania Matches
0%
Documentary 2004 John Cena: Word Life
0%
Video Game 2025 Mortal Kombat 1: Definitive Edition
0%
TV Show 2001 Ohio Valley Wrestling TV
0%
Film 2020 Project X-Traction
0%
Documentary 2012 Rock vs. Cena: Once in a Lifetime
0%
Commercial 2018 SKYY Vodka
0%
Documentary 2020 Stars of the Ring: Cena, Johnson, Bautista
0%
Web Series 2025 Stephanie's Places
0%
Documentary 2006 The American Dream: The Dusty Rhodes Story
0%
Documentary 2007 The Shawn Michaels Story: Heartbreak and Triumph
0%
Documentary 2009 Viva la Raza: The Legacy of Eddie Guerrero
0%
Web Mini-Series 2025 What Drives You
0%
Commercial 2016-2020 Wonderful Pistachios
0%
Documentary 2017 WWE: John Cena - Iconic Matches
0%
Documentary Series 2024 WWE: Next Gen
0%
TV Show 2014, 2020 WWE PPV on WWE Network
0%
No matching quizzes found
Score Distribution
Percent of People with Each Score
Percentile by Number Answered
Your Score History
You have not taken this quiz since the last reset